<?xml version="1.0" encoding="UTF-8"?><?xml-stylesheet type="text/xsl" href="static/style.xsl"?><OAI-PMH xmlns="http://www.openarchives.org/OAI/2.0/" xmlns:xsi="http://www.w3.org/2001/XMLSchema-instance" xsi:schemaLocation="http://www.openarchives.org/OAI/2.0/ http://www.openarchives.org/OAI/2.0/OAI-PMH.xsd"><responseDate>2026-06-05T15:30:17Z</responseDate><request verb="GetRecord" identifier="oai:riuma.uma.es:10630/36227" metadataPrefix="marc">https://riuma.uma.es/rest/oai/request</request><GetRecord><record><header><identifier>oai:riuma.uma.es:10630/36227</identifier><datestamp>2026-02-03T11:26:51Z</datestamp><setSpec>com_10630_2254</setSpec><setSpec>col_10630_37953</setSpec></header><metadata><record xmlns="http://www.loc.gov/MARC21/slim" xmlns:dcterms="http://purl.org/dc/terms/" xmlns:doc="http://www.lyncode.com/xoai" xmlns:xsi="http://www.w3.org/2001/XMLSchema-instance" xsi:schemaLocation="http://www.loc.gov/MARC21/slim http://www.loc.gov/standards/marcxml/schema/MARC21slim.xsd">
   <leader>00925njm 22002777a 4500</leader>
   <datafield ind2=" " ind1=" " tag="042">
      <subfield code="a">dc</subfield>
   </datafield>
   <datafield ind2=" " ind1=" " tag="720">
      <subfield code="a">Atencia-Conde-Pumpido, Belén</subfield>
      <subfield code="e">author</subfield>
   </datafield>
   <datafield ind2=" " ind1=" " tag="260">
      <subfield code="c">2018</subfield>
   </datafield>
   <datafield ind2=" " ind1=" " tag="520">
      <subfield code="a">Durante la gestación del cubismo, un grupo de artistas conformaron lo que comúnmente se conoce como el grupo Puteaux y que estudiaba el nuevo arte bajo el prisma matemático de las proporciones áureas y la cuarta dimensión. El estallido de la guerra parece disolver a la mayoría de los integrantes del grupo, que sin embrago vuelven a encontrarse en el seno de una nueva galería, junto a nuevos artistas. Las discusiones entre ellos sobre estas problemáticas nos desvelan la importancia que todas ellas habían tenido y continuaban teniendo en la obra de cada uno de ellos.</subfield>
   </datafield>
   <datafield ind1="8" ind2=" " tag="024">
      <subfield code="a">Atencia Conde-Pumpido, , B. (2018). De las Proporciones Áureas, las Matemáticas y la Cuarta dimensión en el cubismo de los años diez. Quintana: Revista Do Departamento De Historia Da Arte, (16). https://doi.org/10.15304/qui.16.3355</subfield>
   </datafield>
   <datafield ind1="8" ind2=" " tag="024">
      <subfield code="a">https://hdl.handle.net/10630/36227</subfield>
   </datafield>
   <datafield ind1="8" ind2=" " tag="024">
      <subfield code="a">10.15304/qui.16.3355</subfield>
   </datafield>
   <datafield tag="653" ind2=" " ind1=" ">
      <subfield code="a">Arte - Matemáticas</subfield>
   </datafield>
   <datafield ind2="0" ind1="0" tag="245">
      <subfield code="a">De las proporciones áureas, las matemáticas y la cuarta dimensión en el cubismo del final de los años diez</subfield>
   </datafield>
</record>
</metadata></record></GetRecord></OAI-PMH>